Weaving you can wear

Saved in:
Bibliographic Details
Main Author: Wilson, Jean (Jean Verseput)
Format: Book
Language:English
Published: New York, Van Nostrand Reinhold Co. [1973]
Subjects:
LEADER 00874nam a2200253 4500
001 c000387580
003 CARM
005 20210916101325.0
008 740212s1973 nyua 00110 eng
019 1 |a 498665  |5 LACONCORD2021 
020 |a 0442295111 
035 |a (OCoLC)820940  |5 LACONCORD2021 
040 |a VDU  |c VDU 
050 0 0 |a TT848  |b .W53 
082 0 4 |a 646.4 
100 1 |a Wilson, Jean  |q (Jean Verseput) 
245 1 0 |a Weaving you can wear  |c [by] Jean Wilson with Jan Burhen. 
260 |a New York,  |b Van Nostrand Reinhold Co.  |c [1973] 
300 |a 128 p.  |b illus.  |c 28 cm. 
650 0 |a Hand weaving. 
650 0 |a Clothing and dress. 
852 8 |b CARM  |h A3:AI17E0  |i F07833  |p 0477508  |f BK 
999 f f |i 5fca9031-6dd2-553d-9528-72c6bbac584a  |s 0b756ca5-2001-585f-9487-2f5ac7d92a24 
952 f f |p Can circulate  |a CAVAL  |b CAVAL  |c CAVAL  |d CARM 1 Store  |e F07833  |f A3:AI17E0  |h Other scheme  |i book  |m 0477508